Bundesgesetzblatt

Detalles Bibliográficos
Autores Corporativos: Alemania, Alemania. Bundesministerium der Justiz
Formato: Desconocido
Lenguaje:alemán
Publicado: Bonn : Bundesanzeiger Verlagsges
Materias:
Acceso en línea:Acceso restringido

MARC

LEADER 00000ny a22000003n 4500
005 20110510142137.0
008 100311c19459999gw zx f0 b0ger d
035 |a 2470  
040 |a GU-L  |c GU-L  |d vLex 
090 |c 1573  |d 1573 
110 1 |a Alemania 
245 1 0 |a Bundesgesetzblatt  |h [Recurso electrn̤ico] 
256 |a Servicio en ln̕ea 
260 |a Bonn :  |b Bundesanzeiger Verlagsges 
310 |a Irregular 
650 0 4 |a Derecho  |z Alemania  |x Publicaciones perid̤icas 
651 4 |a Alemania  |x Publicaciones perid̤icas 
710 1 |a Alemania.  |b Bundesministerium der Justiz 
740 0 |a vLex Revista (Servicios en ln̕ea) 
843 |a Electrn̤ica. Abierta 
853 |8 1  |i (year)  |j (month)  |k (day) 
856 4 |z Acceso restringido  |u http://vlex.com/account/login_ip?fuente_id=2470  
942 |c REV 
999 0 |a Gazettes  |z Germany. 
999 0 |a Law  |z Germany.